Métro Paris - Ligne 2 - Click Quiz - Statistiques

Statistiques générales
  • Ce quiz a été pris 53 fois
  • Le résultat moyen est 17 sur 25
Réponses sur la Carte
Les réponses sont colorées sur une échelle allant du rouge au vert en fonction du pourcentage des utilisateurs qui les ont devinées à leur premier essai. Vous pouvez retrouver ces pourcentages ci-dessous.
 
Statistiques - réponses
Réponse % Correct
Charles de Gaulle - Étoile
97%
Porte Dauphine
93%
Nation
86%
Victor Hugo
83%
Père Lachaise
79%
Barbès - Rochechouart
76%
Place de Clichy
76%
Rome
76%
Blanche
72%
Jaurès
72%
Pigalle
72%
Ternes
72%
La Chapelle
69%
Villiers
69%
Belleville
66%
Monceau
66%
Stalingrad
66%
Colonel Fabien
62%
Courcelles
62%
Ménilmontant
62%
Anvers
59%
Avron
59%
Alexandre Dumas
55%
Philippe Auguste
52%
Couronnes
48%
Aucun quiz correspondant
Distribution des résultats
% des personnes avec chaque résultat
Percentile par nombre de réponses
Votre historique - résultats
Vous n’avez pas pris ce quiz